One Piece Charaktere (Deutsch) Quiz Stats

Quiz not verified by Sporcle

Also try: TV Fan Theories
Challenge
Share
Tweet
Embed
Score 0/300 Timer 20:00
0 Plays Today
Arc (1. Auftritt) Charaktername % Correct
Romance DawnMonkey D. Luffy
99%
Romance DawnRoronoa Zoro
96.9%
Romance DawnNami
96.9%
SyropUsopp
94.2%
Orange TownBuggy der Clown
91.1%
Romance DawnShanks
91.1%
BaratiéSanji Vinsmoke
90.6%
SyropCaptain Black
90.1%
Romance DawnAlvida
89%
Romance DawnCoby
87.4%
Drumm Tony Tony Chopper
86.9%
Romance DawnGol D. Roger
86.9%
Little GardenNico Robin
85.9%
KokosArlong
84.3%
Water 7Franky
82.7%
Romance DawnHelmeppo
82.2%
Logue TownMonkey D. Dragon
81.7%
Little GardenMr. 3
81.2%
AlabastaPortgas D. Ace
81.2%
Thriller BarkBrook
80.1%
Romance DawnCaptain Morgan
80.1%
Logue TownSmoker
80.1%
AlabastaSir Crocodile
80.1%
AlabastaMr. 2
80.1%
BaratiéDulacre Mihawk
79.6%
JayaMarshall D. 'Blackbeard' Teach
79.1%
BaratiéJeff
78.5%
Kap der ZwillingeNefetari Vivi
78.5%
AlabastaMr. 1
78.5%
JayaEdward 'Whitebeard' Newgate
78%
KokosOkta
77.5%
Whiskey PeakMr. 5
77.5%
AlabastaMr. 4
77.5%
Romance DawnYasopp
76.4%
BaratiéDon Krieg
75.9%
Logue TownTashigi
75.9%
Cover Story/Arlong ArcMonkey D. Garp
74.3%
SkypieaEnel
73.8%
JayaBartholomew Kuma
73.3%
JayaDon Quichotten Doflamingo
72.8%
Whiskey PeakIgaram
72.3%
JayaBellamy
72.3%
Long Ring Long LandFoxy
72.3%
JayaMarco
72.3%
Sabaody ArchipelTrafalgar D. Water Law
71.7%
Water 7Rob Lucci
70.7%
Thriller BarkGecko Moria
70.7%
SyropKaya
70.2%
SyropJacko
70.2%
DrummWapol
69.6%
Romance DawnBen Beckman
68.6%
SyropLämmchen
68.6%
Kap der ZwillingeMr. 9
68.6%
Water 7Ecki
68.6%
AlabastaMr. 7
68.1%
Sabaody ArchipelEustass Kidd
68.1%
Sabaody ArchipelBorsalino
67.5%
Impel DownJimbei
67.5%
SyropZwiebel
67%
Water 7Eisberg
66.5%
Water 7Kuzan
66%
Water 7Kalifa
66%
Sabaody ArchipelSilvers Rayleigh
66%
Nachkriegs ArcSabo
66%
ZouJack
66%
BaratiéPerle
65.4%
KokosNojiko
65.4%
FischmenscheninselBig Mom
65.4%
BaratiéGin
64.9%
Amazon LilyBoa Hancock
64.9%
KokosKiss
64.4%
Water 7Bruno
63.9%
Enies LobbySakazuki
62.8%
SyropPaprika
62.3%
KokosRatte
62.3%
Orange TownMohji
61.8%
Thriller BarkPerona
61.8%
AlabastaKönig Cobra
61.3%
Orange TownKabaji
60.7%
AlabastaMiss Merry Christmas
60.7%
Water 7Spandam
60.7%
BaratiéJohnny
60.2%
Little GardenBoogey
60.2%
Little GardenWoogey
60.2%
DrummDr. Kuleha
60.2%
DrummDoc Bader
60.2%
SkypieaWiper
60.2%
JayaSen Goku
60.2%
KokosSchwarzgurt
59.7%
Little GardenMiss Goldenweek
59.7%
AlabastaCorsa
59.7%
AlabastaMiss Doublefinger
59.7%
JayaJozu
59.7%
Romance DawnMakino
59.7%
Whiskey PeakMiss Valentine
59.2%
DrummDalton
59.2%
Enies LobbyJabura
59.2%
Sabaody ArchipelX. Drake
59.2%
Sabaody ArchipelKiller
59.2%
KokosBellemere
58.6%
Arc (1. Auftritt) Charaktername % Correct
SyropMöhre
58.1%
Kap der ZwillingeKrokus
58.1%
Orange TownRichie
57.6%
BaratiéLeutnant Fullbody
57.6%
Thriller BarkOz
57.6%
Sabaody ArchipelBepo
57.6%
Whiskey PeakMiss Monday
57.1%
Water 7Paulie
57.1%
Sabaody ArchipelJewelry Bonney
57.1%
Dress RosaDon Boo
57.1%
KokosGenzo
56.5%
Sabaody ArchipelUrouge
56.5%
Sabaody ArchipelBasil Hawkins
56.5%
Dress RosaKaido
56.5%
SkypieaConis
56%
Enies LobbyEule
56%
SyropSiam
56%
Thriller BarkAbsalom
55.5%
JayaJesus Burgess
55.5%
Romance DawnLucky Roo
55%
Long Ring Long LandPorsche
55%
Long Ring Long LandHamburger
55%
Impel DownMagellan
55%
BaratiéYosaku
54.5%
SkypieaSuu
54.5%
Sabaody ArchipelScratchman Apoo
54.5%
Impel DownIvankov
54.5%
Whiskey PeakKaruh
53.9%
Thriller BarkLola
53.9%
MarinefordVista
52.9%
Punk HazardCaesar Clown
52.9%
BaratiéPatty
52.4%
BaratiéKuina
52.4%
SkypieaOhm
52.4%
Sabaody ArchipelKamy
52.4%
Sabaody ArchipelCapone Bege
52.4%
Romance DawnWood Slap
52.4%
SkypieaPapaya
51.8%
SkypieaSatori
51.8%
Amazon LilyBoa Marigold
51.8%
SyropFlecki
51.8%
Water 7Kokolo
51.8%
AlabastaPeruh
51.3%
Thriller BarkDr. Hogback
51.3%
JayaDoc Q
51.3%
SkypieaGan Fort
50.3%
Amazon LilyBoa Sandersonia
49.7%
Dress RosaLeo
49.7%
AlabastaHina
49.2%
DrummChess
48.7%
Water 7Tom
48.7%
BaratiéCarne
48.2%
JayaMaron Cricket
48.2%
SkypieaShura
48.2%
FischmenscheninselHody Jones
48.2%
SkypieaGedatsu
47.6%
Water 7Kiwi
47.6%
Dress RosaRebecca
47.6%
JayaTsuru
47.6%
JayaLafitte
47.6%
AlabastaMiss Father's Day
47.1%
SkypieaNora
47.1%
Enies LobbyKumadori
47.1%
Nachkriegs ArcCurly Dadan
47.1%
Reunion ArcCaribou
47.1%
FischmenscheninselKönig Neptun
47.1%
Punk HazardMonet
47.1%
SkypieaAissa
46.6%
Enies LobbyNico Olvia
46.6%
Dress RosaBartolomeo
46.6%
Sabaody ArchipelSentoumaru
46.1%
Punk HazardBaby 5
46.1%
Dress RosaPica
46.1%
Dress RosaIssho
46.1%
SkypieaFangschrecke
45.5%
Punk HazardVergo
45.5%
Dress RosaViola
45.5%
ZouCarrot
45.5%
SkypieaMaron Noland
45%
FischmenscheninselShirahoshi
44.5%
JayaWan Oger
44.5%
SkypieaObergefreiter Yama
44%
Punk HazardBrownbeard
44%
SyropGimon
43.5%
Sabaody ArchipelPenguin
43.5%
JayaMasira
42.9%
SkypieaLaki
42.9%
Thriller BarkVictoria Cindry
42.9%
Impel DownInazuma
42.9%
Dress RosaTrébol
42.9%
Dress RosaSugar
42.9%
JayaStronger
42.9%
DrummKuromarimo
42.4%
Long Ring Long LandSherry
42.4%
Water 7Mozz
42.4%
Kap der ZwillingeYorki
42.4%
Tobiuo RidersDuval
42.4%
FischmenscheninselKoala
42.4%
Dress RosaDiamante
42.4%
Orange TownScopper Gaban
42.4%
Arc (1. Auftritt) Charaktername % Correct
Punk HazardMomonosuke
41.9%
JayaShojo
41.4%
Enies LobbySpandine
41.4%
Water 7Chimney
41.4%
AlabastaToto
40.8%
Sabaody ArchipelPappag
40.8%
FischmenscheninselKönigin Otohime
40.8%
SyropBankina
40.3%
SkypieaKagara
40.3%
Enies LobbyNero
40.3%
Enies LobbyHagwar D. Sauro
40.3%
SkypieaBraham
39.8%
Sabaody ArchipelShakuyaku
39.8%
Dress RosaCavendish
39.8%
ZouPedro
39.8%
SkypieaPierre
39.3%
Water 7Tilestone
39.3%
Water 7Gombe
39.3%
Impel DownShiryu des Regens
39.3%
BaratiéKoshiro
38.7%
Dress RosaKyros
38.7%
FischmenscheninselPekoms
38.2%
BaratiéPandaman
38.2%
Water 7Hattori
37.7%
Amazon LilyMarguerite
37.7%
Punk HazardKin'emon
37.7%
Impel DownHannyabal
37.2%
MarinefordLittle Oz Jr.
37.2%
FischmenscheninselFisher Tiger
37.2%
Whole Cake IslandCharlotte Purin
37.2%
Amazon LilySweet Pea
36.6%
Punk HazardBuffalo
36.1%
Dress RosaDon Sai
36.1%
Dress RosaLao G
36.1%
ZouNekomamushi
36.1%
Impel DownVasco Shot
36.1%
Long Ring Long LandTondjit
35.6%
Water 7Louie-Louie
35.6%
Impel DownSan-Juan Wolf
35.6%
Reunion ArcCoribou
35.1%
FischmenscheninselVander Decken
35.1%
Impel DownCatharina Devon
35.1%
Impel DownSadie
34.6%
FischmenscheninselFukaboshi
34.6%
Dress RosaRiku Doldo III.
34.6%
Dress RosaDellinger
34.6%
AlabastaChakah
34%
Thriller BarkRyuma
34%
MarinefordThatch
34%
Dress RosaKanjuro
34%
FischmenscheninselTamago
34%
ZouWanda
33.5%
SkypieaHoly
33%
Water 7Zanbai
33%
Dress RosaHack
33%
ZouInuarashi
33%
Enies LobbyBaskerville
32.5%
Enies LobbyMomonga
32.5%
Dress RosaDon Chinjao
32.5%
Dress RosaSeñor Pink
32.5%
Thriller BarkBearsy
31.9%
Sabaody ArchipelJean Bart
31.9%
Dress RosaCorazon
31.9%
Impel DownAvalo Pizarro
31.9%
Thousand Sunny ArcDr. Vegapunk
30.9%
Sabaody ArchipelSankt Charlos
30.4%
Impel DownDomino
30.4%
MarinefordSquardo
30.4%
Water 7Yokozuna
30.4%
Enies LobbyOimo
30.4%
Enies LobbyKarsee
30.4%
Nachkriegs ArcHerakles
29.8%
FischmenscheninselManboshi
29.8%
Dress RosaKing Elizabello II.
29.8%
Sabaody ArchipelShachi
29.3%
Dress RosaHajrudin
29.3%
Dress RosaGladius
29.3%
Amazon LilyAphelandra
28.3%
Strong WorldKong
28.3%
FischmenscheninselRyuboshi
28.3%
Dress RosaOrlumbus
28.3%
Impel DownSaldeath
27.7%
FischmenscheninselZeo
27.7%
Dress RosaBastille
27.7%
ZouRaizou
27.2%
FischmenscheninselAladdin
27.2%
Strong WorldZephyr
27.2%
Amazon LilyNyon
26.7%
Dress RosaBlue Gilly
26.7%
Dress RosaMansherry
26.7%
Dress RosaJola
26.7%
Dress RosaMachvise
26.2%
Nachkriegs ArcStelly
25.7%
Dress RosaIdeo
25.7%
MarinefordIzou
25.1%
FischmenscheninselIcarus Much
24.6%
FischmenscheninselMadame Shirley
22.5%
FischmenscheninselDaruma
21.5%
FischmenscheninselDosun
19.9%
FischmenscheninselHyouzou
18.3%

You're not logged in!

Compare scores with friends on all Sporcle quizzes.
Join for Free
OR
Log In

You Might Also Like...

Show Comments

Extras

Top Quizzes Today


Score Distribution

Your Account Isn't Verified!

In order to create a playlist on Sporcle, you need to verify the email address you used during registration. Go to your Sporcle Settings to finish the process.

Report this User

Report this user for behavior that violates our Community Guidelines.

Details: